000 00353nam a22001577a 4500
005 20160630100303.0
008 160630b xxu||||| |||| 00| 0 eng d
041 _aeng
082 _b12924
100 _aSingh, Brinder
_93264
245 _aConcrete Technology
260 _bKatson
300 _a106
650 _aDiploma Engineering
_9817
942 _cBK
999 _c4833
_d4831